Nazione Premier League Manager of the Season - Statistics

Statistiche generali
  • Questo quiz è stato fatto 12 volte
  • Il punteggio medio è 7 su 8
Statistiche sulle risposte
Numero allenatori Numero titoli Nazione % Corretto
2 2 Inghilterra
100%
2 2 Italia
100%
1 5 Spagna
100%
1 2 Germania
91%
1 3 Portogallo
91%
3 13 Scozia
91%
1 3 Francia
82%
1 1 Galles
64%
Nessun quiz corrispondente trovato
Distribuzione punteggi
Percentuale di utenti per punteggio
Percentile per numero di risposta
I tuoi punteggi nel tempo
Non hai fatto questo quiz